Cybersecurity for business organization-wide strategies to ensure (Record no. 28859)

MARC details
000 -LEADER
fixed length control field 00535nam a2200181Ia 4500
020 ## - INTERNATIONAL STANDARD BOOK NUMBER
ISBN 981398606142
050 ## - CALL MARK
Classification number HD 3038. C93/
100 ## - STATEMENT OF RESPONSIBILITY--MAIN AUTHOR NAME
Personal name Edited by Larry Clinton & ISA President
245 #0 - TITLE STATEMENT
Title Cybersecurity for business organization-wide strategies to ensure
260 ## - PUBLICATION, DISTRIBUTION, ETC. (IMPRINT)
Place of publication USA
260 ## - PUBLICATION, DISTRIBUTION, ETC. (IMPRINT)
Name of publisher Inc.
260 ## - PUBLICATION, DISTRIBUTION, ETC. (IMPRINT)
Year of publication 2022
300 ## - PHYSICAL DESCRIPTION
Number of Pages 243 p
650 ## - SUBJECT ADDED ENTRY--TOPICAL TERM
Topical Term Business enterprises--Computer networks--Security measures. Computer security.
942 ## - ADDED ENTRY ELEMENTS (KOHA)
Koha item type Books
Holdings
Withdrawn status Lost status Source of classification or shelving scheme Damaged status Not for loan Permanent Location Current Location Shelving location Date acquired Accession Number Price effective from Koha item type
    Library of Congress Classification     NILE UNIVERSITY OF NIGERIA - MAIN LIBRARY NILE UNIVERSITY OF NIGERIA - MAIN LIBRARY Items on shelf 04/23/2025 0196376 04/23/2025 Books